000 00421pab a2200157 454500
008 180718b1985 xxu||||| |||| 00| 0 eng d
100 _aDavis, Charles E.
245 _aAlternative levels of analysis in hazardous waste regulatory policy
260 _c1985
300 _a47-51
362 _aSept.
650 _aWaste, Utilization of
700 _aJames P. Lester
773 _aPolicy Studies Journal
909 _a20552
999 _c20552
_d20552